|
|
|
|
| LEADER |
00714cam a2200229 7i4500 |
| 001 |
0000037016 |
| 005 |
20221117090000.0 |
| 007 |
##ta |
| 008 |
221117s2015 ii eng |
| 020 |
# |
# |
|a 9780143424420
|
| 040 |
# |
# |
|a MATR
|
| 090 |
0 |
# |
|a FI 813.54
|b KUM
|
| 100 |
1 |
# |
|a Kumar, Neeraj
|e author
|
| 245 |
0 |
0 |
|a Dial D for DON :
|b Inside Stories of CBI Missions
|c Neeraj Kumar.
|
| 264 |
# |
1 |
|a india:
|b Penguin Books,
|c 2015.
|
| 300 |
# |
# |
|a xxvii, 264 pages;
|c 24 cm.
|
| 336 |
# |
# |
|a text
|2 rdacontent
|
| 337 |
# |
# |
|a unmediated
|2 rdamedia
|
| 338 |
# |
# |
|a volume
|2 rdacarrier
|
| 650 |
# |
0 |
|a Police chiefs --
|z India
|
| 650 |
# |
0 |
|a Intelligence officers --
|z India
|
| 999 |
|
|
|a 0000041850
|b Book
|c Book
|e Business Information Centre
|